Evaluación del país a finales de 1999 y perspectivas electorales para el 2000
Guardat en:
| Format: | Text |
|---|---|
| Matèries: | |
| Etiquetes: |
Afegir etiqueta
Sense etiquetes, Sigues el primer a etiquetar aquest registre!
|
MARC
| LEADER | 00000 a a2200000 04500 | ||
|---|---|---|---|
| 001 | 6315 | ||
| 003 | |||
| 040 | |||
| 245 | |a Evaluación del país a finales de 1999 y perspectivas electorales para el 2000 | ||
| 650 | |a ELECCIONES | ||
| 650 | |a ANALISIS POLITICO | ||
| 650 | |a SOCIEDAD | ||
| 650 | |a PROBLEMAS SOCIALES | ||
| 650 | |a EMPLEO | ||
| 650 | |a POBLACION | ||
| 650 | |a FAMILIA | ||
| 650 | |a PARTIDOS POLITICOS | ||
| 650 | |a ELECCIONES | ||
| 650 | |a EMPLEADOS | ||
| 650 | |a OPINION PUBLICA | ||
| 773 | |g volumen 20, número 883; páginas 11-13 | ||
| 999 | |c 25661 |d 25661 | ||
